|
|
|
|
| LEADER |
01409nam a2200325 a 4500 |
| 001 |
28046 |
| 003 |
BD-DhAAL |
| 005 |
20150923020003.0 |
| 008 |
140619s1980 nyu b 000 0 eng |
| 010 |
|
|
|a 79003308
|
| 020 |
|
|
|a 0394513576
|
| 020 |
|
|
|a 039473954X (pbk.)
|
| 040 |
|
|
|a DLC
|c DLC
|d DLC
|d BD-DhAAL
|
| 041 |
1 |
|
|a engfre
|
| 050 |
0 |
0 |
|a HM291
|b .F59
|
| 082 |
0 |
0 |
|a 303.3/3
|2 19
|
| 100 |
1 |
|
|a Foucault, Michel,
|d 1926-1984.
|9 5094
|
| 245 |
1 |
0 |
|a Power/knowledge :
|b selected interviews and other writings, 1972-1977 /
|c Michel Foucault ; edited by Colin Gordon ; translated by Colin Gordon ... [et al.].
|
| 250 |
|
|
|a 1st American ed.
|
| 260 |
|
|
|a New York :
|b Pantheon Books,
|c c1980.
|
| 300 |
|
|
|a xii, 270 p. ;
|c 22 cm.
|
| 504 |
|
|
|a Bibliography: p. [261]-270.
|
| 541 |
|
|
|e 28046
|
| 650 |
|
0 |
|a Power (Social sciences)
|9 5095
|
| 700 |
1 |
|
|a Gordon, Colin,
|d 1948-
|9 5096
|
| 856 |
4 |
2 |
|3 Publisher description
|u http://www.loc.gov/catdir/description/random046/79003308.html
|
| 942 |
|
|
|2 ddc
|c BK
|0 1
|
| 999 |
|
|
|c 24621
|d 24621
|
| 952 |
|
|
|0 0
|1 0
|2 ddc
|4 0
|6 303_330000000000000_FOU
|7 0
|9 34662
|a BRACUL
|b BRACUL
|c GEN
|d 2014-06-19
|e Trim Education
|g 1675.00
|l 5
|m 66
|o 303.33 FOU
|p 3010028046
|r 2024-05-13
|s 2023-10-11
|t 1
|w 2014-06-19
|y BK
|
| 952 |
|
|
|0 0
|1 0
|2 ddc
|4 0
|6 303_330000000000000_FOU
|7 0
|9 34663
|a BRACUL
|b BRACUL
|c GEN
|d 2014-06-19
|e Trim Education
|g 1675.00
|l 11
|m 60
|o 303.33 FOU
|p 3010028045
|r 2025-11-20
|s 2025-11-05
|t 2
|w 2014-06-19
|y BK
|